Fr. Conceicao Rodrigues College of Engineering

Introduction to electroplating and metal finishing (Record no. 25745)

MARC details
000 -LEADER
fixed length control field 00329nam a2200133Ia 4500
082 ## - DEWEY DECIMAL CLASSIFICATION NUMBER
Classification number 671.732
Item number RAJ
100 ## - MAIN ENTRY--PERSONAL NAME
Personal name Rajagopalan/K.S
245 ## - TITLE STATEMENT
Title Introduction to electroplating and metal finishing
260 ## - PUBLICATION, DISTRIBUTION, ETC.
Name of publisher, distributor, etc. Colour publication pvt ltd
Place of publication, distribution, etc. Bombay
300 ## - PHYSICAL DESCRIPTION
Extent 255
546 ## - LANGUAGE NOTE
Language note ENGLISH
654 ## - SUBJECT ADDED ENTRY--FACETED TOPICAL TERMS
Focus term electroplating
942 ## - ADDED ENTRY ELEMENTS (KOHA)
Koha item type BOOK
Holdings
Withdrawn status Lost status Damaged status Not for loan Collection Home library Current library Date acquired Source of acquisition Cost, normal purchase price Inventory number Total Checkouts Full call number Barcode Date last seen Cost, replacement price Price effective from Koha item type
        CRC Fr. Agnel's C.Rodrigues College of Engineering Fr. Agnel's C.Rodrigues College of Engineering 17/03/2023 Book World 300.00 1579 dt 13/11/91   671.732 RAJ 3349 17/03/2023 300.00 13/11/1991 BOOK